Central Bank of Egypt : annual report 1995/96.
| Format: | Book |
|---|---|
| Published: |
Cairo:
Central Bank of Egypt,
1995.
|
| Subjects: |
| LEADER | 00488cam a2200169 7i4500 | ||
|---|---|---|---|
| 001 | 0000005654 | ||
| 005 | 19991025090000.0 | ||
| 002 | ##000007293 | ||
| 020 | 0 | 0 | |a T000005680 |
| 090 | 0 | 0 | |a EGPT 332.1 |b CEN |
| 245 | 0 | 0 | |a Central Bank of Egypt : |b annual report 1995/96. |
| 260 | 0 | 0 | |a Cairo: |b Central Bank of Egypt, |c 1995. |
| 300 | 0 | 0 | |a 154 p.. |
| 650 | 0 | 0 | |a Banks and banking |
| 650 | 0 | 0 | |a Corporation reports -- |z Egypt |
| 651 | 0 | 0 | |a Egypt |
| 999 | |a 0000008675 |b Book |c Open shelf |e Business Information Centre | ||